| Tag |
First Indicator |
Second Indicator |
Subfields |
| LEADER |
00000pam a2200000 a 4500 |
| 001 |
in00000073040 |
| 005 |
20151008060023.0 |
| 008 |
810305s1982 nyua b 00110 eng |
| 010 |
|
|
|a 81001831
|
| 020 |
|
|
|a 0582281628
|
| 035 |
|
|
|a (OCoLC)07274790
|
| 035 |
|
|
|9 AAJ4979AM
|
| 039 |
0 |
|
|a 2
|b 3
|c 3
|d 3
|e 3
|
| 040 |
|
|
|a DLC
|c DLC
|d TXA
|d UtOrBLW
|
| 043 |
|
|
|a n-us---
|
| 049 |
|
|
|a TXAM
|c [1196297]
|
| 050 |
0 |
0 |
|a LB1715
|b .G28
|
| 082 |
0 |
|
|a 370/.7/10973
|2 19
|
| 100 |
1 |
|
|a Garland, Colden.
|
| 245 |
1 |
0 |
|a Guiding clinical experiences in teacher education /
|c Colden Garland.
|
| 264 |
|
1 |
|a New York :
|b Longman,
|c [1982]
|
| 264 |
|
4 |
|c ©1982
|
| 300 |
|
|
|a xix, 204 pages :
|b illustrations ;
|c 25 cm.
|
| 336 |
|
|
|a text
|b txt
|2 rdacontent
|
| 337 |
|
|
|a unmediated
|b n
|2 rdamedia
|
| 338 |
|
|
|a volume
|b nc
|2 rdacarrier
|
| 504 |
|
|
|a Includes bibliographies and index.
|
| 650 |
|
0 |
|a Teachers
|x Training of
|z United States.
|
| 650 |
|
0 |
|a Individualized instruction.
|
| 999 |
|
|
|a MARS
|
| 999 |
f |
f |
|s f7f9ce70-848d-3d47-beed-b4e54016ff70
|i 1390c236-5ee2-3b37-a4ce-a653801a73ef
|t 0
|
| 952 |
f |
f |
|p normal
|a Texas A&M University
|b College Station
|c Sterling C. Evans Library
|d Evans: Library Stacks
|t 0
|e LB1715 .G28
|h Library of Congress classification
|i unmediated -- volume
|m A14806161063
|
| 998 |
f |
f |
|a LB1715 .G28
|t 0
|l Evans: Library Stacks
|